00943nam a22002777a 45000010005000000030006000050050017000110080041000280200015000690400029000840500015001130820010001281000032001382450100001702500041002702600036003113000048003474900037003955050008004325200097004405210019005375210020005566000026005766500026006027000037006283370FISKH20240229140309.0240229b cb ||||| |||| 00| 0 eng d a0439454662 aFISKHbengcFISKHdFISKH aQC183.B795 a530.4 aBradley, Kimberly Brubaker  aPop! : bA book about bubbles /cby Kimberly Brubaker Bradley ; photographs by Margaret Miller  aFirst Scholastic printing , May 2003 aNew York : bScholastic ,c2001 a33 pages : bcolor illustrations ;c21 cm . aLet's read and find out science  aN  aSimple text explains how soap bubbles are made, why they are always round, and why they pop.8 a540 bLexile 8 aN bRaz-Plus  2science vNon-fiction abubbles vNon-fiction aMiller, Margaret ephotographer